2011 International President forum on Global Research Universities: (Record no. 592629)
[ view plain ]
| 000 -LEADER | |
|---|---|
| fixed length control field | 00359nam a22001097a 4500 |
| 082 ## - DEWEY DECIMAL CLASSIFICATION NUMBER | |
| Classification number | 378 |
| Author Mark | INT |
| 245 ## - TITLE STATEMENT | |
| Title | 2011 International President forum on Global Research Universities: |
| Remainder of title | borderless and creative Education / |
| Statement of responsibility, etc. | Edited by Nam Suh & Yong-Taek Im |
| 260 ## - PUBLICATION, DISTRIBUTION, ETC. | |
| Place of publication, distribution, etc. | Korea : |
| Name of publisher, distributor, etc. | KAIT Press, |
| Date of publication, distribution, etc. | 2011. |
| 300 ## - PHYSICAL DESCRIPTION | |
| Extent | 202 p. ; |
| Dimensions | 26 cm. |
| 563 ## - BINDING INFORMATION | |
| Binding note | HBK. |
| 942 ## - ADDED ENTRY ELEMENTS (KOHA) | |
| Source of classification or shelving scheme | |
| Koha item type | Book |
| Withdrawn status | Lost status | Source of classification or shelving scheme | Damaged status | Not for loan | Permanent Location | Current Location | Shelving location | Date acquired | Source of acquisition | Full call number | Barcode | Date last seen | Price effective from | Koha item type |
|---|---|---|---|---|---|---|---|---|---|---|---|---|---|---|
| Central Library (CL) | Central Library (CL) | Education | 12/08/2022 | Donated by Rector Sec NUST Islamabad | 378 INT | CL-D-2218 | 12/08/2022 | 12/08/2022 | Book |
